2025/26 Ligue 1 Top Goalscorers - Statistics

General Stats
  • This quiz has been taken 4 times
  • The average score is 10 of 19
Answer Stats
Goals Team Country Goalscorer % Correct
10 Paris Saint-Germain France Ousmane Dembélé
100%
10 Olympique de Marseille Gabon Pierre-Emerick Aubameyang
75%
11 AS Monaco Spain Ansu Fati
50%
10 FC Lorient Senegal Bamba Dieng
50%
11 Paris Saint-Germain France Bradley Barcola
50%
11 Olympique Lyonnais France Corentin Tolisso
50%
21 Angers SCO France Esteban Lepaul
50%
11 RC Lens France Florian Thauvin
50%
13 AS Monaco United States Folarin Balogun
50%
9 Paris FC Algeria Ilan Kebbal
50%
16 Racing Strasbourg Argentina Joaquín Panichelli
50%
12 AJ Auxerre Mali Lassine Sinayoko
50%
16 Olympique de Marseille England Mason Greenwood
50%
10 Racing Strasbourg Ivory Coast Michael Godo
50%
12 RC Lens France Odsonne Édouard
50%
10 FC Lorient France Pablo Pagis
50%
11 Olympique Lyonnais Czech Republic Pavel Šulc
50%
9 Stade Brestois 29 France Romain Del Castillo
25%
12 RC Lens France Wesley Saïd
25%
No matching quizzes found
Score Distribution
Percent of People with Each Score
Percentile by Number Answered
Your Score History
You have not taken this quiz